| 000 | 013910000a22002890004500 | ||
|---|---|---|---|
| 001 | 18780 | ||
| 003 | CO-MdFUSB | ||
| 005 | 20190202100448.0 | ||
| 008 | 160728t2013 sp ||||f |||| 00| 0 spa d | ||
| 020 | _a9788492416776 | ||
| 040 |
_cCO-MdFUSB _aEspañol _bCO-MdFUSB _dCO-MdFUSB |
||
| 041 | 0 | _aspa | |
| 082 |
_224 _aG 230.046 _bT153c |
||
| 100 | 1 |
_aTamayo Acosta, Juan José _eautor |
|
| 245 | 1 | 0 |
_aCincuenta intelectuales para una conciencia crítica _c / Juan José Tamayo |
| 264 |
_aBarcelona _b : Fragmenta, _c2013 |
||
| 300 | _a519 páginas | ||
| 336 |
_2rdacontent _a1 _ba1 |
||
| 337 |
_2rdamedia _a2 _b5 |
||
| 338 |
_2rdacarrier _a2 _b5 |
||
| 490 |
_aFragmentos ; _vVol. 20 |
||
| 501 | _arústico | ||
| 505 | 0 | 0 | _aÉtica y teología contra el nazismo (Bonhoeffer) -- La heterodoxia como forma de vida de pensamiento (López Aranguren) -- Crónica de una muerte anunciada (Romero) -- Diálogo e interculturalidad (Panikkar) -- Dios, silencio del universo (Saramago) -- Jesús el judío (Vermes) -- Por la senda de la mística y de la liberación (Cardenal) -- En diálogo con el ateísmo y el marxismo (Girardi) -- Conciencia crítica de la iglesia y teólogo de las religiones (Kung) -- Ecología, ética y liberación (Boff) -- Teología feminista de la liberación (Tamez) entre otros |
| 650 | 0 |
_aTeología doctrinal _xHistoria _9159 |
|
| 650 | 7 |
_aTeólogos _2 _9233 |
|
| 942 | _cBK | ||
| 999 |
_c45186 _d45186 |
||